| 000 | 00000nam 2200000zi 4500 |
| 001 | 9.949800 |
| 003 | CaOODSP |
| 005 | 20251020132433 |
| 006 | m o d f |
| 007 | cr mn||||||||| |
| 008 | 250404t20252025qucd ob f000 0 eng d |
| 020 | |a9780660768236 |
| 040 | |aCaOODSP|beng|erda|cCaOODSP |
| 043 | |an-cn--- |
| 086 | 1 |aEn4-770/2025E-PDF |
| 245 | 00|aPublic opinion research on plastic waste and pollution in Canada : |bfinal report. |
| 264 | 1|aGatineau, Quebec : |bEnvironment and Climate Change Canada = Environnement et changement climatique Canada, |c2025. |
| 264 | 4|c©2025 |
| 300 | |a1 online resource (57 pages) : |bcharts |
| 336 | |atext|btxt|2rdacontent |
| 337 | |acomputer|bc|2rdamedia |
| 338 | |aonline resource|bcr|2rdacarrier |
| 500 | |aIssued also in French under title: Recherche sur l'opinion publique sur les déchets et la pollution par le plastique au Canada : rapport final. |
| 500 | |aPrepared for Environment and Climate Change Canada. |
| 500 | |a"Supplier name: Pollara Strategic Insights Inc." |
| 500 | |a"Contract number: CW2384823." |
| 500 | |a"Registration number: POR 085-24." |
| 500 | |a"Delivery date: March 31, 2025." |
| 500 | |a"EC25107." |
| 504 | |aIncludes bibliographical references. |
| 520 | |a"Key areas of focus included Canadians' knowledge of terms and practices related to plastic waste and pollution and the circular plastics economy, their understanding of the impact of their personal actions, their consumption and disposal habits, and their level of concern about plastic waste and pollution. Additionally, ECCC sought to gauge awareness and identify the level of support for action by the Government of Canada to reduce plastic waste and pollution and transition to a circular plastics economy in Canada. Insights were also sought into how Canadians find and receive information to encourage positive changes in attitudes and behaviours"--Executive Summary, page 4. |
| 650 | 0|aPlastic scrap|zCanada|xPublic opinion. |
| 650 | 0|aPlastic scrap|xGovernment policy|zCanada|xPublic opinion. |
| 650 | 0|aPlastic scrap|xRecycling|zCanada|xPublic opinion. |
| 650 | 0|aCircular economy|zCanada|xPublic opinion. |
| 650 | 0|aPublic opinion|zCanada. |
| 710 | 1 |aCanada. |bEnvironment and Climate Change Canada, |eissuing body. |
| 710 | 2 |aPollara Strategic Insights, |econsultant. |
| 775 | 08|tRecherche sur l'opinion publique sur les déchets et la pollution par le plastique au Canada : |w(CaOODSP)9.949801 |
| 856 | 40|qPDF|s877 KB|uhttps://publications.gc.ca/collections/collection_2025/eccc/en4/En4-770-2025-eng.pdf|z(report) |
| 856 | 4 |qHTML|sN/A|uhttps://epe.bac-lac.gc.ca/100/200/301/pwgsc-tpsgc/por-ef/environment_climate_change/2025/085-24-e/085-24-report.htm|z(report) |
| 856 | 4 |qHTML|sN/A|uhttps://epe.bac-lac.gc.ca/100/200/301/pwgsc-tpsgc/por-ef/environment_climate_change/2025/085-24-e/index.html|z(complete dataset) |